000 00512nam a2200169Ia 4500
003 GCL
008 140319s9999 xx 000 0 ara d
040 _aGCL /
_cGCL
082 0 4 _a320.092
_bب و
100 1 _aبلال حسن التل
245 1 0 _aوصفى التل فكره ومواقفه: وقائع ندوة /
_cبلال حسن التل
300 _a239 ص
490 _aالهيئة العامة للاستعلامات
_v0
650 0 4 _aالتراجم
650 0 4 _aوصفى التل
942 _2ddc
_cBK
999 _c49767
_d49767